ARE YOU SMARTER THAN A 5th GRADER - Statistics

General Stats
  • This quiz has been taken 539 times
    257 since last reset
  • The average score is 15 of 20
Answer Stats
Question Answer % Correct
What is the main ingredient in guacamole? Avocado
97%
Who wrote the famous play Romeo and Juliet? William Shakespeare
96%
What is the largest planet in our solar system? Jupiter
91%
What is the process by which water changes from a liquid to gas called Evaporation
88%
In which country did the Olympic Games originate? Greece
88%
Who painted the famous artwork called the Mona Lisa? Leanardo da Vinci
87%
What planet is closest to the sun? Mercury
86%
What is the largest organ in the human body? Skin
85%
Who is the creator of the Marvel superhero characters, including Spider-Man and Iron Man? Stan Lee
84%
What type of tree do acorns come from? Oak
83%
Costa Rica borders two countries. Nicaragua is one of the countries. What is the other? Panama
81%
What is the most populated state in the US? California
79%
How many bones are in the human body? 206
78%
What is the longest river in the world? Nile river
68%
What is the largest desert in the world? Antarctica
63%
What is the world’s most spoken language by native speakers? Mandarin
59%
Which famous scientist developed the theory of relativity? Albert Einstein
57%
Bern is the capital of what European country? Switzerland
57%
How many justices serve on the US Supreme Court? 9
41%
The female of what animal species is called a ewe? Sheep
32%
No matching quizzes found
Score Distribution
Percent of People with Each Score
Percentile by Number Answered
Your Score History
You have not taken this quiz since the last reset